Catálogo
 En Linea

Universidad dominicana : (Registro nro. 47693)

Detalles MARC
000 -CABECERA
campo de control de longitud fija 01170nam a2200229 a 4500
001 - NÚMERO DE CONTROL
campo de control 000048205
005 - FECHA Y HORA DE LA ÚLTIMA TRANSACCIÓN
campo de control 20201002061005.0
008 - DATOS DE LONGITUD FIJA--INFORMACIÓN GENERAL
campo de control de longitud fija 181205s2015 dr 000 m spa d
020 ## - NÚMERO INTERNACIONAL ESTÁNDAR DEL LIBRO
Número Internacional Estándar del Libro 9789945167023
040 ## - FUENTE DE LA CATALOGACIÓN
Centro catalogador/agencia de origen DO-SdBNP
Lengua de catalogación spa
Centro/agencia transcriptor BNPHU
082 ## - NÚMERO DE LA CLASIFICACIÓN DECIMAL DEWEY
Número de clasificación xxxx
Número de documento/Ítem R696u
100 1# - ENTRADA PRINCIPAL--NOMBRE DE PERSONA
Nombre de persona Rodríguez González, Lily
9 (RLIN) 75649
245 10 - MENCIÓN DE TÍTULO
Título Universidad dominicana :
Resto del título Visión y futuro desde cincuenta años de desarrollo (1961-2005) /
Mención de responsabilidad, etc. Lily Rodríguez González ; prólogos Dr. Príamo Rodríguez Castillo, Dr. José María Hernández Díaz.
260 ## - PUBLICACIÓN, DISTRIBUCIÓN, ETC.
Lugar de publicación, distribución, etc. Santo Domingo :
Nombre del editor, distribuidor, etc. Búho,
Fecha de publicación, distribución, etc. 2015.
300 ## - DESCRIPCIÓN FÍSICA
Extensión 151 p. ;
Dimensiones 23 cm.
500 ## - NOTA GENERAL
Nota general Incluye datos biográficos de la autora en la solapa de la cubierta
504 ## - NOTA DE BIBLIOGRAFÍA, ETC.
Nota de bibliografía, etc. Bibliografía : p. 139-151
505 0# - NOTA DE CONTENIDO CON FORMATO
Nota de contenido con formato Prólogo 1 Príamo Rodríguez Castillo --
Título Prólogo 2 José María Hernández Díaz --
-- Introducción --
Información miscelánea Capítulo I
Título Finalidad de la universidad dominicana --
Información miscelánea Capítulo II
Título Oferta educativa de grado y postgrado --
Información miscelánea Capítulo III
Título Investigación y tecnología --
590 ## - NOTA LOCAL (RLIN)
Nota local Inventariado, 2019/LP
700 1# - PUNTO DE ACCESO ADICIONAL--NOMBRE DE PERSONA
Nombre de persona Rodríguez Castillo, Príamo,
Término indicativo de función/relación pról.
9 (RLIN) 64499
700 1# - PUNTO DE ACCESO ADICIONAL--NOMBRE DE PERSONA
Nombre de persona Hernández Díaz, José María,
Término indicativo de función/relación pról.
9 (RLIN) 75650
Existencias
Estado de retiro Estado de pérdida Restricciones de uso No para préstamo Código de colección Localización permanente Ubicación/localización actual Ubicación en estantería Fecha de adquisición Número de inventario Total de préstamos Signatura topográfica completa Código de barras Fecha visto por última vez Número de copia Precio válido a partir de Tipo de ítem Koha
        Dominicana de Servicio General General Depósito 05.12.2018 LF1   xxxx R696u 48205-30 25.06.2020 e. 3 25.06.2020 Libro y Folleto Colección Dominicana de Servicio
      Excluido de préstamo Patrimonio Dominicano Patrimonio Dominicano Patrimonio Dominicano Depósito 05.12.2018 LF1   xxxx R696u 48205-10 25.06.2020   25.06.2020 Libro y Folleto Colección Patrimonio Dominicano
      Excluido de préstamo Patrimonio Dominicano Patrimonio Dominicano Patrimonio Dominicano Depósito 05.12.2018 LF1   xxxx R696u 48205-20 25.06.2020 e. 2 25.06.2020 Libro y Folleto Colección Patrimonio Dominicano

Con tecnología Koha